| 000 | 01030pam a2200277 a 4500 | ||
|---|---|---|---|
| 001 | 3980706 | ||
| 005 | 19951228122607.2 | ||
| 008 | 950906s1996 ilua b 001 0 eng | ||
| 010 | _a 95041530 | ||
| 020 | _a0256139008 | ||
| 020 | _z0256206920 (International students ed.) | ||
| 040 |
_aDLC _cDLC _dDLC |
||
| 050 | 0 | 0 |
_aTS155 _b.S7824 1996 |
| 082 | 0 | 0 |
_a658.5 _220 _bSTE |
| 100 | 1 |
_aStevenson, William J. _97350 |
|
| 245 | 1 | 0 |
_aProduction/operations management / _cWilliam J. Stevenson. |
| 250 | _a5th ed. | ||
| 260 |
_aChicago, IL : _bIrwin, _cc1996. |
||
| 300 |
_axii, 897 p. : _bill. ; _c26 cm. |
||
| 440 | 4 |
_aThe Irwin series in production operations management _97351 |
|
| 500 | _aIncludes Index. | ||
| 650 | 0 |
_aProduction management. _97352 |
|
| 942 |
_2ddc _cBB |
||
| 999 |
_c12146 _d12146 |
||